Imiona polskich aktorów - Statystyki

Ogólne statystyki
  • Ten quiz został rozwiązany 725 razy
  • Średni wynik to 10 z 15
Statystyki odpowiedzi
Hint Odpowiedź % Poprawnych
Adamczyk Piotr
95%
Karolak Tomasz
95%
Żmijewski Artur
90%
Peszek Jan
84%
Dorociński Marcin
81%
Ferency Adam
79%
Gajos Janusz
75%
Chyra Andrzej
71%
Perepeczko Marek
70%
Zborowski Wiktor
60%
Kiersznowski Krzysztof
57%
Dziędziel Marian
48%
Simlat Łukasz
45%
Holoubek Gustaw
44%
Zbrojewicz Mirosław
32%
Nie znaleziono quizów pasujących do podanych kryteriów
Rozkład punktacji
Procent ludzi z każdym wynikiem
Percentyl według liczby udzielonych odpowiedzi
Twoja historia wyników
Nie rozwiązałeś tego quizu